| 000 | 01226nam0a2200325 4500 | ||
|---|---|---|---|
| 001 | RU\NLR\ONL1\19211 | ||
| 005 | 20251118181808.2 | ||
| 035 | _a(NLR Aleph) 009647948 | ||
| 090 |
_a9568037 _c9568037 |
||
| 100 | _a20110204d1982 c y0rusy50 ca | ||
| 101 | 0 | _akom | |
| 102 | _aRU | ||
| 105 | _aa ||||||||| | ||
| 200 | 9 |
_aАзбука _eподготовительнöй класслы коми кыв кузя учебнöй пособие _fЕ. А. Кузиванова, Е. Ф. Тараканова |
|
| 205 | _a2-öд изд. | ||
| 210 |
_aСыктывкар _cКоми кн. изд-во _d1982 |
||
| 215 |
_a127 с. _cил. _d22 |
||
| 300 | _aНа обл. авт. не указаны | ||
| 541 | 1 |
_aАзбука _zrus |
|
| 606 | 0 |
_aКоми-зырянский язык _xБуквари _92175256 _3RU\NLR\auth-onl\6624 |
|
| 686 | 1 | _aШ166.421-920 | |
| 700 | 1 |
_aКузиванова _bЕ. А. _gЕкатерина Александровна _4070 |
|
| 701 | 1 |
_aТараканова _bЕ. Ф. _gЕкатерина Федоровна _4070 |
|
| 801 | 0 |
_aRU _bNLR _c20120224 _gPSBO |
|
| 852 |
_aNLR _bОНЛ _jКоми-з./3-2228 |
||
| 899 | _aНБ | ||
| 942 | _cBOOK | ||
| 980 | _aNB | ||